• 首页
  • 本馆介绍
  • 公告通知
  • 最新文献
  • 馆藏检索
  • 电子资源
  • 读者导购
  • 参考咨询
  • 我的图书馆
  • 登录
  • 详细信息显示
  • 放入我的书架
  • 预约/预借图书
  • 作者相关作品
  • 分类相关作品
  • 丛书相关作品
  • 出版社相关作品

书目信息

  • 表格格式
  • 工作单格式
  • 卡片格式
题名:
类胡萝卜素化学及生物化学
    
 
作者: 惠伯棣 主编
分册:  
出版信息: 北京   中国轻工业出版社  2005
页数: 336页
开本: 23cm
丛书名:
单 册:
中图分类: O629.4
科图分类:
主题词: 类胡萝卜素 , 有机化学
电子资源:
ISBN: 7-5019-4584-5
000 01141nam0 2200325 450
000 01104nam0 2200313 450
000 01103nam0 2200325 450
000 01049nam0 2200301 450
000 01089nam0 2200289 450
000 01052nam0 2200277 45
001 TS-143263
005 20070122145121.67
010    @a7-5019-4584-5@dCNY50.00
100    @a20060829d2005 em y0chiy0110 ea
101 0  @achi
102    @aCN@b110000
105    @ay z 001yy
200 1  @a类胡萝卜素化学及生物化学@ALei Hu Luo Bu Su Hua Xue Ji Sheng Wu Hua Xue@f惠伯棣主编@FHui Bo Di Zhu Bian
210    @a北京@c中国轻工业出版社@d2005
215    @a336页@d23cm
330    @a本书既有基础理论,又有实用技术,对于胡萝卜素的定义、命名、化学结构、理化性质、生物学活性、资源、制备方法等均有详细的描述。
510 1  @aCarotenoid Chemistry and Biochemistry@zeng
606 0  @a类胡萝卜素
606 0  @a有机化学
690    @aO629.4@v4
701  0 @a惠伯棣@AHui Bo Di@4主编
801  0 @aCN@b中图数据@c20070122
905    @a10447@dO629.4@e5
    
    类胡萝卜素化学及生物化学/惠伯棣主编.-北京:中国轻工业出版社,2005
    336页;23cm
    
    
    ISBN 7-5019-4584-5:CNY50.00
    本书既有基础理论,又有实用技术,对于胡萝卜素的定义、命名、化学结构、理化性质、生物学活性、资源、制备方法等均有详细的描述。
●
相关链接 在E读中查询图书 在五车中查询图书 在当当中查询图书 在豆瓣中查询图书


正题名:类胡萝卜素化学及生物化学     索取号:O629.4/5         预约/预借

序号 登录号 条形码 馆藏地/架位号 状态 备注
1 0607997   206079973   第二样本阅览室/ [索取号:O629.4/5] 在馆    
2 0607998   206079982   第三借阅区/ [索取号:O629.4/5] 在馆    
3 0607999   206079991   第三借阅区/ [索取号:O629.4/5] 在馆    
4 0608000   206080006   第三借阅区/ [索取号:O629.4/5] 在馆    
5 0608001   206080015   第三借阅区/ [索取号:O629.4/5] 在馆    
6 0608002   206080024   第三借阅区/ [索取号:O629.4/5] 在馆    
7 0608003   206080033   第三借阅区/ [索取号:O629.4/5] 在馆    
欢迎您!
大连网信软件有限公司© 版权所有